000 00914namaa2200289 a 4500
001 vtls001304262
003 NLI
005 20210627043951.0
008 120418s1980 dcu i000 0 eng
039 9 _y201204181932
_zVLOAD
040 0 _aNLI
_cVTLS-2012_FOD
_eAACR2
041 0 _aeng
044 _adcu
082 0 4 _a307.1416
110 1 _aUnited States.
_bDepartment of Housing and Urban Development
_9709092
245 1 0 _aAssesssment of urban county performance :
_bcommunity development block grant program
260 _aWashington, D.C. :
_bUnited States Government Printing Office,
_c1980
300 _aVarious pagings ;
_c30 cm.
500 _aCover title
650 0 _aReal estate development
650 0 _aUrbanization
_9688505
887 _a
901 _aAD 69321
_b22.10.2010
902 _aU.S 307.1416 Un 3 as
949 _AVIRTUAITEM
_D10000
_X100
_6ADX000069321ENG
942 _2ddc
_cBKS
999 _c596994
_d596994